| 000 | 00433nam a2200169 a 4500 | ||
|---|---|---|---|
| 001 | 0000-8696 | ||
| 003 | ELIB.Books | ||
| 008 | 110520 1955 | ||
| 035 | _a(ELIB.Books)0000-8842 | ||
| 082 |
_a227.6 _bPhi |
||
| 100 | _aPhillips, J. B. | ||
| 245 | _aThe Young Church in action | ||
| 260 |
_bNew York: The Macmillan Company _c1955 |
||
| 650 | _aNew Testament | ||
| 942 |
_2ddc _cBK |
||
| 998 |
_cbat _e2011-05-20 |
||
| 999 |
_c8696 _d8696 |
||